| 000 | 02138nam a2200517Ii 4500 | ||
|---|---|---|---|
| 001 | DIGNARCEA0148 | ||
| 003 | NyNyDIG | ||
| 006 | m o d | ||
| 007 | cr ||||||||||| | ||
| 008 | 220225s2014 sp o 000 0 spa d | ||
| 035 | _a(OCoLC)1319853113 | ||
| 040 |
_aDGITA _beng _erda _epn _cDGITA |
||
| 020 |
_a9788427720176 _qeBook _qePdf |
||
| 020 |
_z9788427719637 _zPapel |
||
| 041 | 1 |
_aspa _heng |
|
| 043 | _ae-uk-en | ||
| 050 | 1 | 4 | _aLC4803.G72 ebook |
| 082 | 0 | 4 | _a370.1528 |
| 100 | 1 |
_aGlenn, Angela, _eauthor. |
|
| 240 | 1 | 0 |
_aBehaviour in the early years. _lSpanish _s(Alcina Zayas) |
| 245 | 1 | 0 |
_aDificultades de comportamiento en edades muy tempranas : _bestudio de casos reales / _cAngela Glenn, Jacquie Cousins, Alicia Helps ; traducción, Sara Alcina Zayas. |
| 250 | _aPrimera edición en ebook (Pdf) | ||
| 264 | 1 |
_aMadrid : _bNarcea, S. A. de Ediciones, _c[2014] |
|
| 300 | _a1 online resource. | ||
| 336 |
_atext _btxt _2rdacontent |
||
| 337 |
_acomputer _bc _2rdamedia |
||
| 338 |
_aonline resource _bcr _2rdacarrier |
||
| 347 |
_atext file _2rdaft |
||
| 347 | _bPDF | ||
| 490 | 1 | _aColección "Primeros años" | |
| 588 | 0 | _aOnline resource; title from PDF title page (Digitalia, viewed February 25, 2022) | |
| 650 | 0 |
_aProblem children _xEducation (Preschool) _zEngland _zMedway. |
|
| 650 | 0 |
_aEducation, Preschool _zEngland _zMedway. |
|
| 655 | 0 | _aElectronic books. | |
| 700 | 1 |
_aCousins, Jacquie, _eauthor. |
|
| 700 | 1 |
_aHelps, Alicia, _eauthor. |
|
| 700 | 1 |
_aAlcina Zayas, Sara, _etranslator. |
|
| 700 | 1 |
_iTranslation of: _aGlenn, Angela. _tBehaviour in the early years. |
|
| 791 | 2 |
_aDigitalia (Firm), _edistributor. |
|
| 793 | 0 |
_gDigitalia eBook Collection: _aNarcea Ediciones |
|
| 776 | 0 | 8 |
_iPrint version: _aGlenn, Angela. _sBehaviour in the early years. Spanish (Alcina Zayas). _tDificultades de comportamiento en edades muy tempranas. _b1a. edición. _dMadrid : Narcea, S. A. de Ediciones, [2014] _z9788427719637 |
| 830 | 0 | _aColección "Primeros años". | |
| 856 | 4 | 0 |
_3Digitalia Hispánica _uhttps://www.digitaliapublishing.com/a/28972/ |
| 910 | _aPremium collection: 2022 | ||
| 942 | _cRAA | ||
| 999 |
_c239497 _d239497 |
||